Stolice Europy według podpowiedzi - Statystyki

Ogólne statystyki
  • Ten quiz został rozwiązany 45 razy
  • Średni wynik to 10 z 15
Statystyki odpowiedzi
Podpowiedź Stolica % Poprawnych
Największa pod względem ludności stolica kraju Unii Europejskiej Berlin
90%
Stolica kraju, który jako jedyny dotąd opuścił UE Londyn
85%
Druga największa stolica UE pod tym samym względem Madryt
85%
Według przysłowia do tego miasta prowadzą wszystkie drogi Rzym
85%
Znane z wysokiej, stalowej wieży zbudowanej na wystawę światową w 1889 roku Paryż
76%
Leży na wyspie, mimo że część tego kraju jest kontynentalna Kopenhaga
71%
Jest "stolicą" kraju, który właściwie nie ma stolicy Berno
66%
Stolica najmłodszego kraju w Europie Prisztina
63%
Najbardziej na południe wysunięta stolica Europy Valetta
63%
W Polsce jest "Mazowiecki" imiennik tego miasta Mińsk
56%
Na przełomie 1814 i 1815 roku odbył się tam kongres państw europejskich Wiedeń
56%
Znajduje się tam najstarszy uniwersytet w Europie Środkowej Praga
54%
W tym mieści zabito arcyksięcia Ferdynanda, co było przyczyną wybuchu I wojny światowej Sarajewo
51%
Jest stolicą jedynego w Europie podwójnie śródlądowego kraju Vaduz
49%
Najniżej położona stolica w Europie Amsterdam
41%
Nie znaleziono quizów pasujących do podanych kryteriów
Rozkład punktacji
Procent ludzi z każdym wynikiem
Percentyl według liczby udzielonych odpowiedzi
Twoja historia wyników
Nie rozwiązałeś tego quizu